[Event "CCF Easter"]
[Site "Coulsdon ENG"]
[Date "2009.04.15"]
[Round "5"]
[White "Rudd,J"]
[Black "Eggleston,D"]
[Result "1-0"]
[WhiteElo "2357"]
[BlackElo "2358"]

1.c4 b6 2.Nc3 Bb7 3.e4 e5 4.Nf3 Nc6 5.Be2 Bc5 6.O-O f6 7.d3 Nge7 8.Be3 Nd4
9.Rb1 Nec6 10.Nd5 Nxf3+ 11.Bxf3 Nd4 12.Bh5+ g6 13.b4 Bd6 14.f4 Bxd5 15.exd5 Nf5
16.Bd2 exf4 17.Bg4 Ne3 18.Bxe3 fxe3 19.d4 O-O 20.c5 Be7 21.Qb3 Kh8 22.Qxe3 f5
23.Bf3 d6 24.Rbe1 Bf6 25.Qd2 a5 26.cxb6 cxb6 27.Re6 Qd7 28.g4 Qg7 29.Rd1 fxg4
30.Bxg4 Bh4 31.Rxd6 Rf2 32.Qe3 Raf8 33.Rd7 R2f7 34.Rxf7 Qxf7 35.Qe5+ Bf6
36.Qe4 axb4 37.Be6 Qe7 38.Rc1 Bg7 39.h4 Qf6 40.d6 Qf2+ 41.Kh1 Bxd4 42.d7 Kg7
43.Bh3 Bf6 44.h5 Qg3 45.Qg4 Qxg4 46.Bxg4 Bd8 47.Kg2 Rf4 48.Kg3 Rd4 49.hxg6 hxg6
50.Rc8 Bf6 51.Be6 Kh6 52.Kf3 Rd6 53.Bh3 Rd3+ 54.Ke4 Rd4+ 55.Ke3 Rd6 56.Rc4 Bc3
57.Ke4 Rd2 58.Be6 Bf6 59.Rxb4 Re2+ 60.Kd5 Rxa2 61.Rxb6 Rd2+ 62.Kc6 Rc2+ 63.Kd6 Rd2+
64.Bd5 Bh4 65.Rb4 Bf6 66.Rb8 Re2 67.Re8 Rb2 68.Rf8 Bg5 69.Rh8+ Kg7 70.d8=Q Bxd8
71.Rxd8 Kf6 72.Rf8+ Kg5 73.Ke5 Rb6 74.Rf1 Kh6 75.Be6 Kg7 76.Rf7+ Kh6 77.Ra7 Rb5+
78.Kf6 Rb2 79.Bf7 Rf2+ 80.Ke7 Kg7 81.Bc4 Rf4 82.Bd5 Rf2 83.Kd6+ Kh6 84.Be4 Kg5
85.Ke5 Rf6 86.Ra2 Rb6 87.Rh2 Ra6 88.Rh8 Rb6 89.Bd5 Rb2 90.Ke6 Re2+ 91.Kf7 Rc2
92.Kg7 Rc7+ 93.Bf7 Kf5 94.Rh1 g5 95.Rf1+ Kg4 96.Kg6 Rc5 97.Be6+ Kh4 98.Rh1+ Kg3
99.Bf5 Kf4 100.Rf1+ Ke3 101.Kxg5 Kd4 102.Kf4 Rc3 103.Rd1+ Kc5 104.Ke5 Re3+
105.Be4 Rh3 106.Rc1+ Kb6 107.Bd5 Rh6 108.Be6 Rh2 109.Kd6 Rb2 110.Rc8 Rd2+
111.Bd5 Kb5 112.Rb8+ Ka4 113.Kc5 Ka3 114.Rb3+ Ka4 115.Rc3  1-0

[Event "Magnificent Chess UWI Masters"]
[Site "Mona JAM"]
[Date "2009.04.17"]
[Round "1"]
[White "Romero Holmes,A"]
[Black "Elliott,W"]
[Result "1-0"]
[WhiteElo "2526"]
[BlackElo "2265"]

1.c4 b6 2.Nc3 Bb7 3.d4 e6 4.a3 g6 5.e4 Bg7 6.Nf3 Ne7 7.Bd3 d6 8.Be3 h6 9.Qd2 Nd7
10.d5 g5 11.Nd4 Bxd4 12.Bxd4 e5 13.Be3 Ng6 14.g3 c5 15.dxc6 Bxc6 16.Bc2 Nf6
17.O-O-O Rc8 18.f3 Ke7 19.f4 gxf4 20.gxf4 Ng4 21.fxe5 N6xe5 22.Bf4 Qd7 23.b3 Rhe8
24.h3 Nf6 25.Bxh6 Qe6 26.Rhf1 Kd7 27.Bg7  1-0

[Event "11th Open St-Quentin en Yvelines"]
[Site "Elancourt FRA"]
[Date "2009.04.19"]
[Round "3"]
[White "Rodriguez,JP2"]
[Black "Douat,J"]
[Result "0-1"]
[WhiteElo "1664"]
[BlackElo "1897"]

1.c4 b6 2.Nc3 e6 3.Nf3 Bb7 4.d3 Bb4 5.a3 Bxc3+ 6.bxc3 Nf6 7.e4 d6 8.Be2 e5
9.O-O h6 10.Nh4 Nxe4 11.dxe4 Qxh4 12.f3 O-O 13.Be3 Nd7 14.Bf2 Qe7 15.Bd3 Nc5
16.Bc2 Rad8 17.Qe1 Qe6 18.Qe2 Ba6 19.Qe3 Bxc4 20.Rfd1 Bb3 21.Rac1 Bxc2 22.Rxc2 f5
23.exf5 Rxf5 24.g4 Rf7 25.Bg3 Rdf8 26.Rf2 Qg6 27.h3 Ne6 28.h4 Nf4 29.Kh2 h5
30.g5 Qe6 31.Bxf4 Rxf4 32.Kg3 Rg4+ 33.fxg4 Qxg4+ 34.Kh2 Qxh4+ 35.Kg1 Qg4+
36.Rg2 Qxd1+ 37.Kh2 Rf1 38.Re2 Rh1+ 39.Kg3 Qf1 40.Rh2 Qf4+  0-1

[Event "11th Open St-Quentin en Yvelines"]
[Site "Elancourt FRA"]
[Date "2009.04.21"]
[Round "5"]
[White "Rodriguez,JP2"]
[Black "Plantet,M"]
[Result "0-1"]
[WhiteElo "1664"]
[BlackElo "1912"]

1.c4 b6 2.Nc3 e6 3.e4 Bb4 4.a3 Bxc3 5.bxc3 Bb7 6.d3 f5 7.e5 Ne7 8.Nf3 O-O
9.Be2 d6 10.Ng5 Bc8 11.d4 f4 12.Bd3 Nf5 13.Qh5 h6 14.h4 dxe5 15.Be4 exd4
16.Qg6 hxg5 17.hxg5 Qd6 18.Qh7+ Kf7 19.g6+ Ke7 20.Bxf5 Qe5+ 21.Kf1 Rxf5 22.Qh4+ Qf6
23.Qh7 Ba6 24.Kg1 Nd7 25.a4 Rg5 26.Ba3+ c5 27.Qh3 dxc3 28.Re1 Bxc4 29.Bc1 Rxg6
30.Qf3 Bd5  0-1

[Event "11th Open St-Quentin en Yvelines"]
[Site "Elancourt FRA"]
[Date "2009.04.24"]
[Round "8"]
[White "Ferriere,P"]
[Black "Douat,J"]
[Result "1/2-1/2"]
[WhiteElo "1701"]
[BlackElo "1897"]

1.c4 b6 2.Nf3 Bb7 3.g3 e6 4.Bg2 Nf6 5.Nc3 Bb4 6.O-O O-O 7.Qb3 Bxc3 8.Qxc3 d5
9.d4 dxc4 10.Bg5 Ne4 11.Qc2 Nxg5 12.Nxg5 Qxg5 13.Bxb7 Nd7 14.Bxa8 Rxa8 15.Qxc4 Qd8
16.Rac1 c5 17.Rfd1 Qe7 18.dxc5 bxc5 19.Qb5 Nb6 20.Qxc5 Qxc5 21.Rxc5 g6 22.Rc7 Nd5
23.Rb7 a5 24.Rc1 h5 25.e4 Nb4 26.a3 Nd3 27.Rcc7 Rf8 28.Rb5 a4 29.Kf1 f6 30.Rcb7 Ne5
31.Re7 Nf3 32.Ke2 Nd4+ 33.Ke3 Nxb5 34.Rxe6 Kf7 35.Ra6 Rb8 36.Rxa4 Nd6 37.Ra7+ Ke6
38.b4 g5 39.f4 Nc4+ 40.Kd4 Nxa3 41.Rxa3 Rxb4+ 42.Kd3 gxf4 43.gxf4 Rb2  1/2-1/2

[Event "III Open"]
[Site "La Laguna ESP"]
[Date "2009.05.06"]
[Round "4"]
[White "Rivas Pastor,M"]
[Black "Zaja,I"]
[Result "1/2-1/2"]
[WhiteElo "2535"]
[BlackElo "2449"]

1.c4 b6 2.d4 e6 3.Nc3 Bb4 4.Qc2 Bb7 5.a3 Bxc3+ 6.Qxc3 Nf6 7.Nf3 d6 8.g3 Nbd7
9.Bg2 O-O 10.O-O Be4 11.b3 Qb8 12.Bh3 Qb7 13.Nd2 Bg6 14.Bg2 d5 15.Bb2 Rac8
16.Rac1 c5 17.Rfd1 Qa6 18.dxc5  1/2-1/2

[Event "Copenhagen Chess Challenge"]
[Site "Ballerup DEN"]
[Date "2009.05.08"]
[Round "4"]
[White "Andersen,Dani"]
[Black "Brondum,E"]
[Result "1/2-1/2"]
[WhiteElo "1940"]
[BlackElo "2138"]

1.c4 b6 2.e4 e6 3.g3 Bb7 4.Bg2 f5 5.d3 Nf6 6.Nc3 Bb4 7.Ne2 fxe4 8.O-O O-O
9.dxe4 Nc6 10.a3 Be7 11.h3 Rb8 12.Nd4 a6 13.Nxc6 dxc6 14.Qe2 e5 15.Be3 c5
16.Rad1 Bd6 17.f4 Qe7 18.f5 Kh8 19.g4 b5 20.g5 Ng8 21.Nd5 Bxd5 22.cxd5 c4
23.Qf2  1/2-1/2

[Event "18th CRO-Cup"]
[Site "Sibenik CRO"]
[Date "2009.05.24"]
[Round "5"]
[White "Dimitrijevic,Da"]
[Black "Zaja,I"]
[Result "1/2-1/2"]
[WhiteElo "2256"]
[BlackElo "2449"]

1.c4 b6 2.g3 Bb7 3.Nf3 Bxf3 4.exf3 c5 5.d4 cxd4 6.Qxd4 Nc6 7.Qd1 e6 8.Nc3 Bb4
9.Bd2 Nge7 10.Qa4 O-O 11.f4 d5 12.Bg2 Rc8 13.cxd5 Nxd5 14.O-O Bxc3 15.Bxc3 Nxc3
16.bxc3 Na5 17.Rad1 Qc7 18.Rd7 Qxc3 19.Rxa7 Rc7 20.Ra6 Nc4 21.Ra8 g6 22.Rd1 Rxa8
23.Qxa8+ Kg7 24.Qd8 Ra7 25.Qd4+ Qxd4 26.Rxd4 Nb2 27.Rb4 Rxa2 28.Bc6 Nd3 29.Rxb6 Nxf2
30.Rb7 Ng4 31.Be8 Nh6 32.Rc7 Rd2 33.Ra7 Kf8 34.Bb5 Ng4 35.h3 Ne3 36.Bc6 Rd3
37.Ra8+ Kg7 38.Be4 Rc3 39.Kf2 Nd1+ 40.Kg2 h5 41.Rd8 Ne3+ 42.Kf2 Nc4 43.Bd3 Nb6
44.h4 Nd5 45.Be4 Ne3 46.Rd2 Ng4+ 47.Kg2 Kf6 48.Re2 Ne3+ 49.Kf2 Nc4 50.Ra2 Nd6
51.Re2 Nxe4+ 52.Rxe4 Rc5 53.Re3 Kf5 54.Kf3 f6 55.Ra3 Rd5 56.Rb3 e5 57.fxe5 fxe5
58.Rb6 e4+ 59.Kf2 Rd2+ 60.Ke3 Rd3+ 61.Kf2 Rf3+ 62.Kg2 Ke5 63.Rxg6 Rf8 64.Rg5+ Kd4
65.Rxh5 e3 66.Rh7 e2 67.Re7 Kd3 68.Rd7+ Kc3 69.Rc7+ Kd2 70.Rd7+ Ke3 71.Re7+ Kd2
72.Rd7+ Kc1 73.Re7 Kd1 74.Rd7+ Ke1 75.Rd5 Rf2+ 76.Kg1 Rf1+ 77.Kg2 Rf2+ 78.Kg1 Rf3
79.Kg2  1/2-1/2

[Event "Doroshkevicha Mem"]
[Site "Belorechensk RUS"]
[Date "2009.05.28"]
[Round "6"]
[White "Lomakina,G"]
[Black "Markosian,S"]
[Result "1-0"]
[WhiteElo "2089"]
[BlackElo "1878"]

1.c4 b6 2.f4 e6 3.Nf3 Nf6 4.Nc3 Bb7 5.e3 Nc6 6.Be2 Bb4 7.O-O O-O 8.d3 d5
9.cxd5 exd5 10.d4 Re8 11.Ne5 Bxc3 12.bxc3 Nxe5 13.fxe5 Ne4 14.Bd3 Qg5 15.Rf4 Nxc3
16.Qb3 Ne4 17.Bxe4 dxe4 18.Qxf7+ Kh8 19.Ba3 h6 20.Rc1 c5 21.Qxb7 cxd4 22.Rcf1 Qxe5
23.Bb2 Rad8 24.Bxd4 Rxd4 25.exd4 Qxd4+ 26.Kh1 Qa4 27.Re1 Qxa2 28.Rfxe4 Rg8
29.Re8 Qc4 30.Rxg8+ Qxg8 31.Qxa7 Qd8 32.Qf7 Kh7 33.Qf5+ Kh8 34.Qg6  1-0

[Event "3rd ENCI Limburg Open"]
[Site "Maastricht NED"]
[Date "2009.05.30"]
[Round "2"]
[White "Bus,T"]
[Black "Nabuurs,M"]
[Result "1-0"]
[WhiteElo "2225"]
[BlackElo "2108"]

1.c4 b6 2.Nc3 e6 3.e4 Bb7 4.g3 f5 5.Bg2 Nf6 6.d3 Bb4 7.Ne2 fxe4 8.O-O O-O
9.Bg5 Be7 10.Bxf6 Bxf6 11.Nxe4 Nc6 12.d4 Kh8 13.Rc1 Ne7 14.Nf4 Rb8 15.Re1 Bxe4
16.Bxe4 g6 17.Rc2 Nf5 18.Bxf5 gxf5 19.Rce2 Bg5 20.Nh3 Bf6 21.b3 c5 22.d5 e5
23.Rxe5 Bxe5 24.Rxe5 Qf6 25.Qe2 a6 26.Nf4 b5 27.Kg2 bxc4 28.bxc4 Kg8 29.Nh5 Qh8
30.Qe3 Rf7 31.Qg5+ Kf8 32.Rxf5 Rxf5 33.Qxf5+ Ke7 34.Qg5+ Kd6 35.Nf6 Kc7 36.Qe5+ Kb7
37.Qd6 Qf8 38.Qxd7+ Kb6 39.Qc6+ Ka5 40.Nd7 Qf5 41.Qc7+ Ka4 42.Nxc5+  1-0

[Event "Open"]
[Site "Teplice CZE"]
[Date "2009.06.13"]
[Round "1"]
[White "Seliger,B"]
[Black "Eggleston,D"]
[Result "0-1"]
[WhiteElo "1900"]
[BlackElo "2358"]

1.c4 b6 2.Nf3 Bb7 3.Nc3 e6 4.e4 Bb4 5.Qc2 Ne7 6.Be2 O-O 7.O-O d5 8.exd5 exd5
9.a3 Bd6 10.cxd5 Nxd5 11.Nb5 Nf4 12.d3 Nxe2+ 13.Qxe2 Re8 14.Be3 Be7 15.Rac1 Nc6
16.Qd2 a6 17.Nc3 Qd7 18.Rfd1 Na5 19.Qe2 Nb3 20.Rc2 c5 21.Ne4 f5 22.Ned2 Nxd2
23.Qxd2 Bf6 24.Ne1 Qd5 25.Rc4 Rad8 26.b4 Qxc4 27.dxc4 Rxd2 28.Bxd2 Rd8 29.Kf1 Rd4
30.Nc2 Rxc4 31.Ne3 Rh4 32.bxc5 bxc5 33.Rc1 f4 34.Nf5 Rxh2 35.Rxc5 Rh1+ 36.Ke2 Bxg2
37.Bxf4 Ra1 38.Ne3 Ra2+ 39.Ke1 Bf3 40.Nc2 Rb2 41.Nb4 a5 42.Nd3 Re2+ 43.Kf1 Re4
44.Be3 a4 45.Ra5 Rh4 46.Ke1 Bc3+  0-1

[Event "Open"]
[Site "Teplice CZE"]
[Date "2009.06.16"]
[Round "4"]
[White "Friml,A"]
[Black "Klimek,P"]
[Result "1-0"]
[WhiteElo "2162"]
[BlackElo "1688"]

1.c4 b6 2.Nc3 Bb7 3.d4 Nf6 4.Qc2 c5 5.d5 e6 6.e4 exd5 7.exd5 d6 8.Bd3 Be7
9.Nge2 Nbd7 10.Ng3 Ne5 11.O-O O-O 12.Bf4 Nxd3 13.Qxd3 Bc8 14.Rfe1 Bg4 15.Nb5 a6
16.Nc3 Qd7 17.f3 Bh5 18.Qf5 Rfd8 19.Rxe7 Qxe7 20.Nxh5 Nxh5 21.Qxh5 Qf6 22.Be3 h6
23.Rb1 b5 24.Ne4 Qe7 25.Bf2 bxc4 26.Bh4 f6 27.Qg6 Kf8 28.Re1 Qf7 29.Qxf7+ Kxf7
30.Bg3 Rab8 31.Nxd6+ Kg6 32.Re2 Rb6 33.Nxc4 Rb4 34.Ne3 Ra4 35.b3 Rd4 36.Bc7 Re8
37.Kf2 f5 38.d6 a5 39.Nc4 Rxe2+ 40.Kxe2 a4 41.d7 axb3 42.axb3  1-0

[Event "Open"]
[Site "Teplice CZE"]
[Date "2009.06.16"]
[Round "4"]
[White "Hausner,I"]
[Black "Likavsky,T"]
[Result "1-0"]
[WhiteElo "2393"]
[BlackElo "2487"]

1.c4 b6 2.Nf3 Bb7 3.g3 c5 4.Bg2 g6 5.Nc3 Bg7 6.e3 Nc6 7.O-O Nh6 8.b3 Nf5
9.Bb2 h5 10.h3 Qb8 11.Qe2 Ne5 12.Nxe5 Bxe5 13.Bxb7 Qxb7 14.Rad1 O-O-O 15.d3 g5
16.Ne4 Bxb2 17.Qxb2 f6 18.Qe2 g4 19.hxg4 hxg4 20.Qxg4 Nh4 21.gxh4 Rdg8 22.Qg3 d5
23.Ng5 dxc4 24.f4 cxb3 25.axb3 Qd5 26.d4 Kb8 27.dxc5 Qxc5 28.Rd7 e5 29.Qf3 Qc8
30.Qd5 Rd8 31.Qd6+ Ka8 32.Rd1 Rxd7 33.Qxd7 fxg5 34.Qxc8+ Rxc8 35.hxg5 Rf8
36.Rf1 exf4 37.exf4 Kb7 38.Kg2 Kc6 39.Kg3 a5 40.Kg4 b5 41.g6 a4 42.bxa4 bxa4
43.f5  1-0

[Event "Open"]
[Site "Albena BUL"]
[Date "2009.06.23"]
[Round "4"]
[White "Dimitrov,R"]
[Black "Dobrev,Nay"]
[Result "1/2-1/2"]
[WhiteElo "2388"]
[BlackElo "2137"]

1.c4 b6 2.Nc3 e6 3.d4 Bb7 4.a3 f5 5.Nf3 Nf6 6.d5 exd5 7.cxd5 Be7 8.g3 O-O
9.Bg2 Ne4 10.O-O Nxc3 11.bxc3 Na6 12.Nd4 Nc5 13.Qc2 g6 14.Bh6 Re8 15.Rad1 d6
16.h4 Bf6 17.Bf4 Qe7 18.h5 Bg5 19.Qc1 Bxf4 20.Qxf4 Qe5 21.hxg6 hxg6 22.Qg5 Kg7
23.f4 Qf6 24.g4 Qxg5 25.fxg5 fxg4 26.Rf6 Re5 27.Rdf1 Rxg5 28.Rf7+ Kh6 29.e4 Re5
30.Rxc7 Ba6 31.Rff7 Rae8 32.Nc6 Rxe4 33.Bxe4 Rxe4 34.Rce7 Rc4 35.Re3 Ra4
36.Rf6 Rxa3 37.Rxd6 Kg5 38.Rde6 Bc4 39.R6e5+ Kf4 40.d6 Ra1+ 41.Re1 Rxe1+
42.Rxe1 a5 43.Re5 Be6 44.Re1 a4 45.Ne7 a3 46.Nxg6+ Kg5 47.Nf8 Bf5 48.Ra1 Kf6
49.Rxa3 Ke5 50.d7 Nxd7 51.Nxd7+ Bxd7 52.Rb3 b5 53.Rb4 Kd5 54.Kf2 Kc5 55.Ke3 Be6
56.Re4 Bd7 57.Rd4 Be6 58.Kf4 Bc4 59.Re4 Bd3 60.Re7 Kc4 61.Rc7+ Kb3 62.Ke3 Bc4
63.Kd4 Be2 64.Rg7 Kc2 65.Ke3 Bc4 66.Rxg4 Kxc3 67.Rg1 Bb3 68.Rg5 Bc4  1/2-1/2

[Event "1st Int"]
[Site "Villa De Aranjuez ESP"]
[Date "2009.06.23"]
[Round "3"]
[White "De la Fuente Gonzalez,F"]
[Black "Adan Bermudez,S"]
[Result "1/2-1/2"]
[WhiteElo "2190"]
[BlackElo "2263"]

1.c4 b6 2.Nc3 Bb7 3.e4 c5 4.Nf3 d6 5.d4 cxd4 6.Nxd4 Nf6 7.f3 g6 8.Be2 Bg7
9.Be3 Nc6 10.Qd2 Nxd4 11.Bxd4 Rc8 12.Rc1 h5 13.O-O Bh6 14.Be3 Bxe3+ 15.Qxe3 Nd7
16.Nd5 e6 17.Nc3 Ne5 18.b3 Qe7 19.Rfd1 Rd8 20.Rd2 g5 21.Rcd1 Bc6 22.Rd4 f6
23.a4 Qc7 24.f4 gxf4 25.Qxf4 Ke7 26.Qh4 Rh6 27.Kh1 Ng6 28.Qg3 e5 29.R4d2 h4
30.Qg4 Qd7 31.Qxd7+ Rxd7 32.Bg4 Rd8 33.Nd5+ Bxd5 34.cxd5 Kf8 35.Rc2 Rh7 36.Rdc1 Re7
37.Rc7 Rde8 38.Bh5 Kg7 39.Rxe7+ Rxe7 40.Rc6 Nf4 41.Bf3 Nd3 42.Rxd6 Nc5 43.Rc6 Nxb3
44.d6 Re8 45.Rc7+ Kf8 46.Rh7 Kg8 47.Rxa7 Rd8 48.d7 Nd2 49.Bg4 Nxe4 50.Bf5 Nc5
51.h3 Kf7 52.a5 bxa5 53.Rxa5 Nxd7 54.Ra4  1/2-1/2

[Event "ZMD Open"]
[Site "Dresden GER"]
[Date "2009.07.01"]
[Round "8"]
[White "Buechmann,O"]
[Black "Albers,A"]
[Result "1/2-1/2"]
[WhiteElo "2133"]
[BlackElo "1977"]

1.c4 b6 2.Nc3 Bb7 3.e4 e6 4.g3 Bb4 5.Nge2 f5 6.Bg2 Nf6 7.d3 fxe4 8.O-O O-O
9.dxe4 Bc5 10.h3 Qe8 11.e5 Bxg2 12.Kxg2 Nh5 13.g4 Qg6 14.f4 d6 15.f5 exf5
16.Qd5+ Kh8 17.Qxa8 Nd7 18.Qd5 Nxe5 19.Rxf5 Nf6 20.Rxf6 Qxf6 21.Bf4 c6 22.Qe4 g5
23.Bxe5 dxe5 24.Rd1 Kg8 25.Kh1 Qh6 26.Ng1 Bxg1 27.Kxg1 Qxh3 28.Qxc6  1/2-1/2

[Event "37th Greek Teams"]
[Site "Kallithea GRE"]
[Date "2009.07.05"]
[Round "5"]
[White "Dalaklis,G"]
[Black "Khetsuriani,B"]
[Result "0-1"]
[WhiteElo "2179"]
[BlackElo "2331"]

1.c4 b6 2.Nc3 Bb7 3.e4 e6 4.Nge2 c5 5.g3 Nc6 6.Bg2 Be7 7.O-O Nf6 8.d3 O-O
9.f4 a6 10.h3 Rb8 11.g4 Ba8 12.a4 Nb4 13.b3 Ne8 14.d4 cxd4 15.Nxd4 Rc8 16.Bb2 Bc5
17.Rc1 Nc6 18.Ne2 f6 19.Kh1 Nd6 20.Nc2 Qe7 21.Qd2 Rcd8 22.Rcd1 f5 23.e5 Ne4
24.Bxe4 fxe4 25.Kh2 d6 26.exd6 Bxd6 27.Qe3 Bc5 28.Qc3 a5 29.Ncd4 Nxd4 30.Nxd4 Rd7
31.Ne2 e3 32.Bc1 Rxd1 33.Rxd1 Qb7 34.Rg1 Qf3 35.Qe1 Bd6 36.Qf1 Rxf4  0-1

[Event "Najdorf Mem Open"]
[Site "Warsaw POL"]
[Date "2009.07.24"]
[Round "7"]
[White "Staroszczyk,M"]
[Black "Skwarczylo,M"]
[Result "1-0"]
[WhiteElo "2036"]
[BlackElo "1960"]

1.c4 b6 2.Nc3 Bb7 3.d4 e6 4.Nf3 Nf6 5.e3 Be7 6.Bd3 O-O 7.O-O d5 8.Qc2 Nbd7
9.cxd5 exd5 10.Ne5 Bd6 11.f4 a6 12.Rf3 Re8 13.g4 Nf8 14.g5 N6d7 15.Rg3 Nxe5
16.fxe5 Be7 17.h4 Bc8 18.Qf2 Be6 19.Bd2 Qd7 20.Rf1 c5 21.Ne2 c4 22.Bc2 b5
23.Nf4 Kh8 24.h5 a5 25.Qh2 b4 26.g6 f6 27.h6 fxe5 28.hxg7+ Kxg7 29.Nxe6+ Qxe6
30.Rf7+ Kg8 31.gxh7+  1-0

[Event "zt 3.3"]
[Site "Ho Chi Minh City VIE"]
[Date "2009.07.26"]
[Round "6"]
[White "Bui Vinh"]
[Black "Duong The Anh"]
[Result "0-1"]
[WhiteElo "2517"]
[BlackElo "2440"]

1.c4 b6 2.Nc3 Bb7 3.e4 e6 4.a3 c5 5.Nf3 Nc6 6.d4 cxd4 7.Nxd4 Nf6 8.Be2 Be7
9.O-O O-O 10.Be3 Rc8 11.Nxc6 Bxc6 12.Qd3 Qc7 13.Rac1 Qb7 14.f3 d6 15.b4 Qb8
16.f4 Rfd8 17.Bf3 Bb7 18.Bd4 Nd7 19.Qe2 e5 20.Be3 exf4 21.Bxf4 Ne5 22.Nd5 Bxd5
23.exd5 Bf6 24.Be4 Re8 25.Bg3 Ng6 26.Qf3 Qc7 27.Bf5 Rcd8 28.Bxg6 hxg6 29.Qd3 Be5
30.Bf2 Qd7 31.Qf3 Rc8 32.h3 Rc7 33.c5 bxc5 34.bxc5 dxc5 35.Rxc5 Rxc5 36.Bxc5 Rc8
37.Bb4 a5 38.Be1 Rc5 39.d6 Bxd6 40.Qa8+ Kh7 41.Bxa5 Qa4 42.Qd8 Rd5  0-1

[Event "MTO"]
[Site "Biel SUI"]
[Date "2009.07.28"]
[Round "8"]
[White "Hauchard,A"]
[Black "Hassan,Ab"]
[Result "1/2-1/2"]
[WhiteElo "2528"]
[BlackElo "2354"]

1.c4 b6 2.e4 Bb7 3.Nc3 e6 4.d3 c5 5.g3 Nf6 6.Bg2 Be7 7.Nge2 O-O 8.O-O Nc6
9.h3 a6 10.Be3 Qc7 11.Rc1 Rfd8 12.a3 Ne5 13.f4 Ng6 14.Bf2 h5 15.Kh1 Bc6 16.d4 cxd4
17.Nxd4 e5 18.Nf5 Bc5 19.Nd5 Bxd5 20.cxd5 Qa7 21.Be1 Re8 22.Bc3 Bf8 23.Qf3 d6
24.Rfe1 Qd7 25.Rcd1 Rac8 26.Bf1 b5 27.Kh2 exf4 28.Bxf6 fxg3+ 29.Qxg3 gxf6
30.Bd3 Re5 31.Rg1 h4 32.Qxh4 Bg7 33.Qg4 Kf8 34.h4 Bh8 35.Rdf1 Ne7 36.Qh5 Nxf5
37.Rxf5 Ke7 38.Qf3 Qa7 39.Rxe5+ dxe5 40.Rg2 Qd4 41.Qf5 Rc1 42.Be2 Rc2 43.b4 Bg7
44.Qh7 Bf8 45.Bh5  1/2-1/2

[Event "ch-AUT"]
[Site "Jenbach AUT"]
[Date "2009.08.02"]
[Round "9"]
[White "Hofer,Fra"]
[Black "Babinetz,R"]
[Result "0-1"]
[WhiteElo "2092"]
[BlackElo "2087"]

1.c4 b6 2.Nc3 Nf6 3.e4 d6 4.g3 Bb7 5.Bg2 c5 6.Nge2 Nc6 7.d3 e6 8.h3 Be7 9.O-O O-O
10.Be3 a6 11.f4 Qc7 12.f5 Rad8 13.Nf4 Bc8 14.g4 g5 15.fxg6 hxg6 16.g5 Nd7
17.h4 Kg7 18.Bh3 Nde5 19.b3 Rh8 20.Qe1 Nb4 21.Qf2 Rdf8 22.Rad1 Nbc6 23.Ng2 Nd4
24.Qg3 Bd7 25.Bxd4 cxd4 26.Ne2 Nc6 27.Ngf4 Nb4 28.a3 Nc2 29.Rd2 Ne3 30.Rf3 e5
31.Nxd4 exf4 32.Qxf4 Ng4 33.Bxg4 Rxh4 34.Rg2 Rxg4 35.Rxg4 Bxg4 36.Rf2 Bh5
37.Nc2 Qc5 38.d4 Qxg5+ 39.Qxg5 Bxg5 40.Rg2 Bf6 41.Rg3 Re8 42.d5 Rxe4 43.Nb4 Bd4+
44.Kf1 a5 45.Nc6 Bb2  0-1

[Event "25th Open"]
[Site "Geraadsbergen BEL"]
[Date "2009.08.13"]
[Round "4"]
[White "Rogmans,J"]
[Black "Verduyn,F"]
[Result "1/2-1/2"]
[WhiteElo "1965"]
[BlackElo "2183"]

1.c4 b6 2.Nf3 Bb7 3.g3 Bxf3 4.exf3 c5 5.Nc3 Nc6 6.Bg2 g6 7.d3 Bg7 8.Be3 Nh6
9.Bxh6 Bxh6 10.f4 Rc8 11.O-O O-O 12.h4 Bg7 13.h5 f5 14.hxg6 hxg6 15.Bxc6 Rxc6
16.Qf3 e6 17.Kg2 Qa8 18.Rab1 a6 19.Ne2 Rcc8 20.Ng1 b5 21.Qxa8 Rxa8 22.b3 b4
23.Nf3 a5 24.Rfd1 a4 25.d4 axb3 26.axb3 cxd4 27.Nxd4 Rfd8 28.Nb5  1/2-1/2

[Event "16th Vienna Open"]
[Site "Vienna AUT"]
[Date "2009.08.18"]
[Round "4"]
[White "Srienz,C"]
[Black "Ordian,V"]
[Result "0-1"]
[WhiteElo "2241"]
[BlackElo "2349"]

1.c4 b6 2.Nc3 Bb7 3.d4 e6 4.a3 f5 5.d5 Nf6 6.g3 a6 7.Bg2 b5 8.Qb3 Qc8 9.cxb5 axb5
10.Qxb5 Na6 11.Qb3 Nb4 12.Nh3 Nfxd5 13.Nxd5 Bxd5 14.Bxd5 Nxd5 15.O-O Bd6
16.Rd1 c6 17.Bf4 Rb8 18.Qf3 e5 19.Bc1 O-O 20.b4 Kh8 21.Bb2 Qe8 22.Rxd5 cxd5
23.Qxd5 Rb6 24.Ng5 Bb8 25.Nf3 d6 26.Rc1 h6 27.Nd4 exd4 28.Bxd4 Rb5 29.Qa2 Rb7
30.a4 Rxb4 31.Qd2 Rxd4 32.Qxd4 Qxe2  0-1

[Event "43rd Open"]
[Site "Mislata ESP"]
[Date "2009.08.26"]
[Round "4"]
[White "Gonzalez Aguirre,L"]
[Black "Spassov,L"]
[Result "1/2-1/2"]
[WhiteElo "2163"]
[BlackElo "2427"]

1.c4 b6 2.Nc3 e6 3.e4 Bb7 4.g3 f5 5.d3 Nf6 6.Bg2 Bb4 7.Ne2 fxe4 8.O-O O-O
9.dxe4 a5 10.h3 Na6 11.e5 Bxg2 12.Kxg2 Ne8 13.Be3 Qc8 14.Qc2 d6 15.a3 Bxc3
16.Qxc3 dxe5 17.Qxe5 Nd6 18.Bd4 Rf7 19.Rac1 Nf5 20.Bc3 Nc5 21.Nf4 Qb7+ 22.Kg1 Re8
23.Rce1 Qf3 24.b4 axb4 25.axb4 Nd7 26.Qe4 Nh4 27.Re3 Qxe4 28.Rxe4 e5 29.gxh4 Rxf4
30.Rxf4 exf4 31.Rd1 Nf8 32.Rd4 Ne6 33.Rd7 Rd8 34.Rxd8+ Nxd8 35.Kg2 Kf7 36.Kf3 Ne6
37.Be5 c6 38.Bxf4 Nd4+ 39.Ke4 Nc2 40.b5 cxb5 41.cxb5 Na3 42.Be3 Nxb5 43.Bxb6  1/2-1/2

[Event "TCh-SLO East 1st League"]
[Site "Sentjur SLO"]
[Date "2009.11.07"]
[Round "8"]
[White "Virtic,F"]
[Black "Svensek,M"]
[Result "0-1"]
[WhiteElo "2128"]
[BlackElo "2058"]

1.c4 b6 2.b3 Bb7 3.Bb2 c5 4.Nf3 Nf6 5.g3 g6 6.d4 cxd4 7.Bxd4 Bg7 8.Bg2 O-O
9.O-O Nc6 10.Bb2 d5 11.Qc1 dxc4 12.Rd1 Qc8 13.Qxc4 Na5 14.Qh4 Rd8 15.Na3 Nc6
16.Bh3 Rxd1+ 17.Rxd1 Qe8 18.Ng5 h6 19.Nf3 Rd8 20.Rc1 Rd5 21.Bg2 Qd7 22.Nc4 e5
23.Ncxe5 Nxe5 24.Nxe5 Rd1+ 25.Bf1 Rxc1 26.Nxd7  0-1

[Event "Open"]
[Site "Pilsen CZE"]
[Date "2009.12.05"]
[Round "1"]
[White "Jiruse,J"]
[Black "Baraniuk,Andrej"]
[Result "1-0"]
[WhiteElo "2074"]
[BlackElo "1673"]

1.c4 b6 2.Nc3 Bb7 3.Nf3 e6 4.e3 f5 5.a3 Nf6 6.b4 Be7 7.Bb2 O-O 8.d4 d6 9.Qb3 Nbd7
10.Ng5 Re8 11.Nxe6 Qc8 12.c5 d5 13.Nf4 c6 14.cxb6 axb6 15.Bd3 Bd6 16.O-O Ne4
17.Rfd1 Qb8 18.g3 Ndf6 19.b5 g5 20.bxc6 Bxc6 21.Nfxd5 Nxd5 22.Nxd5 Kg7 23.f4 Ba4
24.Qxb6 Qxb6 25.Nxb6 Bxd1 26.Nxa8 Bf3 27.Nb6 gxf4 28.exf4 Kg6 29.Nc4 Bb8
30.a4 Ba7 31.Ne5+ Kh5 32.Nxf3  1-0

[Event "ch-VIE Men Masters"]
[Site "Ho Chi Minh City VIE"]
[Date "2009.12.11"]
[Round "2"]
[White "Pham Duc Thang"]
[Black "Duong The Anh"]
[Result "1/2-1/2"]
[WhiteElo "2256"]
[BlackElo "2440"]

1.c4 b6 2.Nc3 Bb7 3.e4 e6 4.Nf3 Bb4 5.d3 Ne7 6.Be2 O-O 7.O-O f5 8.exf5 Nxf5
9.d4 Nh4 10.Nxh4 Qxh4 11.f4 Nc6 12.Bf3 Bxc3 13.bxc3 Na5 14.Qe2 Rae8 15.Ba3 Rf5
16.g3 Bxf3 17.Rxf3 Qh5 18.Raf1 d5 19.Qg2 Qf7 20.g4 Rf6 21.cxd5 exd5 22.f5 Nc4
23.Bc1 Re4 24.g5 Rd6 25.g6 Qe8 26.f6 Rxf6 27.Rxf6 gxf6 28.gxh7+ Kxh7 29.Qh3+ Kg8
30.Kh1  1/2-1/2

[Event "ch-IND National A"]
[Site "Mumbai IND"]
[Date "2009.12.12"]
[Round "11"]
[White "Koshy,V"]
[Black "Shyam,SM"]
[Result "1/2-1/2"]
[WhiteElo "2280"]
[BlackElo "2401"]

1.c4 b6 2.Nc3 e6 3.e4 Bb7 4.Nf3 Bb4 5.Bd3 Ne7 6.O-O O-O 7.Bc2 f5 8.Qe2 Ng6
9.exf5 exf5 10.d4 Nh4 11.Nxh4 Qxh4 12.Nd5 Bd6 13.f4 Nc6 14.Be3 Rae8 15.Qf2 Qd8
16.Rae1 Na5 17.b3 Bxd5 18.cxd5 Bb4 19.Bd2 Bxd2 20.Qxd2 Nb7 21.Re5 Nd6 22.Rfe1 Nf7
23.Rxe8 Rxe8 24.Bxf5 Rxe1+ 25.Qxe1 g6 26.Bd3 Kg7 27.Qe4 Qf6 28.g3 Kf8 29.h4 a5
30.Kg2 Qd6 31.h5  1/2-1/2

[Event "TCh-NED 2009-10"]
[Site "Netherlands NED"]
[Date "2009.12.12"]
[Round "4"]
[White "Van der Werf,M"]
[Black "De Jager,J"]
[Result "1-0"]
[WhiteElo "2411"]
[BlackElo "2368"]

1.c4 b6 2.d4 Bb7 3.Nc3 e6 4.a3 f5 5.d5 Nf6 6.g3 b5 7.b3 b4 8.axb4 Bxb4 9.Bd2 exd5
10.Nxd5 Nxd5 11.cxd5 Na6 12.Bg2 Qf6 13.Nf3 Bxd2+ 14.Nxd2 Nb4 15.Ra5 Qd4 16.O-O Bxd5
17.e3 Qd3 18.e4 fxe4 19.Qh5+ Kf8 20.Bxe4 Bxe4 21.Nxe4 d5 22.Qf5+ Kg8 23.Qe6+ Kf8
24.Nc5  1-0

[Event "TCh-NED 2009-10"]
[Site "Netherlands NED"]
[Date "2009.12.12"]
[Round "4"]
[White "Timmermans,I"]
[Black "Swinkels,R"]
[Result "0-1"]
[WhiteElo "2237"]
[BlackElo "2511"]

1.c4 b6 2.Nc3 Bb7 3.e4 e6 4.d4 Bb4 5.f3 Ne7 6.Bd3 Nbc6 7.a3 Bxc3+ 8.bxc3 Na5
9.Rb1 d6 10.f4 Ba6 11.Nf3 c6 12.Qe2 d5 13.Nd2 Rc8 14.O-O Bxc4 15.Nxc4 dxc4
16.Bc2 O-O 17.f5 exf5 18.exf5 f6 19.Qg4 Nd5 20.Rf3 Qe7 21.Bd2 Qe2 22.Bh6 Rc7
23.Be4 Nxc3 24.Qg3 Qxe4 25.Qxc7 Qxb1+ 26.Rf1 Ne2+ 27.Kf2 Qxf5+ 28.Kxe2 Re8+  0-1

[Event "16th Open A"]
[Site "Zadar CRO"]
[Date "2009.12.18"]
[Round "8"]
[White "Titz,Hei"]
[Black "Kovacevic,Bl"]
[Result "0-1"]
[WhiteElo "2263"]
[BlackElo "2430"]

1.c4 b6 2.d4 Bb7 3.Nc3 e6 4.a3 f5 5.e3 Nf6 6.f3 g6 7.Bd3 c5 8.d5 exd5 9.cxd5 Nxd5
10.Nxd5 Bxd5 11.Bxf5 Bf7 12.Bc2 Nc6 13.Ne2 Bg7 14.O-O O-O 15.e4 d5 16.exd5 Bxd5
17.Nc3 Bc4 18.Re1 Qxd1 19.Rxd1 Nd4 20.Be4 Rae8 21.Be3 Rxe4 22.fxe4 Nc2 23.Bf2 Nxa1
24.Rxa1 Rd8 25.Rd1 Rxd1+ 26.Nxd1 Kf7 27.Nc3 Ke6 28.Be3 Kd6 29.Kf2 Kc6 30.Ke1 b5
31.Kd2 Bb3 32.Kc1 a5 33.Nb1 a4 34.Nd2 Be6 35.Nf3 Bc4 36.Kc2 Bf1 37.g3 Bg2
38.Nd2 b4 39.Kc1 Kb5 40.Bf4 Bd4 41.Bd6 bxa3 42.bxa3 c4 43.Bb4 c3 44.Nb1 Kc4  0-1